Score 0/30 Timer 11:00
3 Plays Today
Lyric Show % Correct
The hills are alive with ___ _____ __ _____The Sound of Music
84.9%
We're not gonna pay last year's ____RENT
82.4%
Tale as old as time, song as old as rhyme/______ ___ ___ _____Beauty and the Beast
77.3%
________, where the wind comes sweeping down the plainOklahoma!
74.5%
Jellicle songs for Jellicle ____Cats
68.8%
No one mourns the ______Wicked
60.4%
___ _______ __ ___ _____ is there/Inside your mindThe Phantom of the Opera
57.5%
Long as God can grow it, my ____Hair
51.5%
A chequered board to show it was his brother's fault/They thus invented _____Chess
46.9%
A glimpse of stocking was looked on as something shocking/But now God knows ________ ____Anything Goes
46.3%
Well _____ _____/It's so nice to have you back where you belongHello Dolly!
45.4%
_____ ______ _________/Do you think you're what they say you are?Jesus Christ Superstar
44.5%
You let down your people, _____/You were supposed to have been immortalEvita
37.3%
Tonight I will be ____ ______/Tonight you'll be Miss jumped uponMiss Saigon
33.7%
Those ____ _______, why can't we beat them?Damn Yankees
33.7%
Lyric Show % Correct
I don't need a life that's normal/That's way too far away/But something ____ __ ______ would be okayNext To Normal
32.1%
Half an hour from the city/On a Sunday/On a ______ __ ___ ____ ____ ______Sunday in the Park With George
29.5%
__ ___ _______I buy my coffee and I go/Set my sights on only what I need to knowIn The Heights
23.5%
Giving the nation a new syncopation/The people called it _______Ragtime
20.7%
And there's a legal limit to the snow here in _______Camelot
20.5%
How did they build _______/Near a thousand feet in lengthTitanic
18.6%
So ____ __, ____, darling devil divineKiss Me, Kate
13.7%
Lots of _______/Life is _______/Love is _______Company
12.9%
I know what the sunlight can be/the light, ___ _____ __ ___ _____The Light in the Piazza
12.7%
____, ____, all we ask of you/Is a lifetime of service, wisdom, courageAida
12.6%
___'__ _ ____ ___ _______ _____/And we know you will go very farYou're a Good Man, Charlie Brown
12.2%
It means cancel all your parties/Forget your big ______Parade
10.7%
We settled in a corner of the __________ Valley/And we started on a penny and a crumbShenandoah
6.7%
Come begin in old Berlin/You're in the _____ _____Grand Hotel
5.3%
Or raising ______ _____ when I am here aloneLittle Women
4.8%
Remove Ads.
Support Sporcle.
Get the best of Sporcle when you Go Orange. This ad-free experience offers more features, more stats, and more fun while also helping to support Sporcle. Thank you for becoming a member.

You're not logged in!

Compare scores with friends on all Sporcle quizzes.
OR
Log In

Show Comments

Extras

Top Quizzes Today


Score Distribution

Your Account Isn't Verified!

In order to create a playlist on Sporcle, you need to verify the email address you used during registration. Go to your Sporcle Settings to finish the process.

Report this User

Report this user for behavior that violates our Community Guidelines.

Details: